The Law Repots(1990): Family Divisions. / (Record no. 3452)
[ view plain ]
| 000 -LEADER | |
|---|---|
| fixed length control field | 00520nam a22001457a 4500 |
| 008 - FIXED-LENGTH DATA ELEMENTS--GENERAL INFORMATION | |
| fixed length control field | 140818b xxu||||| |||| 00| 0 eng d |
| 020 ## - INTERNATIONAL STANDARD BOOK NUMBER | |
| International Standard Book Number | 0406004803 |
| 050 ## - LIBRARY OF CONGRESS CALL NUMBER | |
| Classification number | KD279.4.L39(1990) |
| 245 ## - TITLE STATEMENT | |
| Title | The Law Repots(1990): Family Divisions. / |
| Statement of responsibility, etc. | edited by Carol Ellis and assisted by Bernard Agyeman |
| 260 ## - PUBLICATION, DISTRIBUTION, ETC. | |
| Place of publication, distribution, etc. | London: |
| Name of publisher, distributor, etc. | The Incorporated council of law reporting for England and Wales, |
| Date of publication, distribution, etc. | 1990. |
| 300 ## - PHYSICAL DESCRIPTION | |
| Extent | ix, 231p. |
| Dimensions | 24cm. |
| 440 ## - SERIES STATEMENT/ADDED ENTRY--TITLE | |
| Name of part/section of a work | Family Divisions 1990 |
| 800 ## - SERIES ADDED ENTRY--PERSONAL NAME | |
| Personal name | Ellis, Carol |
| -- | Agyeman, Bernard |
| 942 ## - ADDED ENTRY ELEMENTS (KOHA) | |
| Source of classification or shelving scheme | Library of Congress Classification |
| Koha item type | Books |
| Withdrawn status | Lost status | Source of classification or shelving scheme | Damaged status | Not for loan | Home library | Current library | Shelving location | Date acquired | Total Checkouts | Full call number | Barcode | Date last seen | Price effective from | Koha item type |
|---|---|---|---|---|---|---|---|---|---|---|---|---|---|---|
| Library of Congress Classification | WISCONSIN INTERNATIONAL UNIVERSITY COLLEGE, GHANA - MAIN LIBRARY | WISCONSIN INTERNATIONAL UNIVERSITY COLLEGE, GHANA - MAIN LIBRARY | Law Library | 18/08/2014 | KD279.4.L39(1990) | 1366/355/14 | 18/08/2014 | 18/08/2014 | Books |
